000 00573nab a2200157Ia 4500
003 ES-SlBCS
005 20210601133740.0
008 140529s2009 xxu||||| |||| 00| 0 por d
041 _apor
100 1 _aSilveira França, Acácio
_9209202
245 0 0 _aRessignificar a docência diante das tecnologias de informaçao e comunicaçao
_c Acácio Silveira França, Elizabeth Adorno De Araújo
650 0 4 _aDocencia
_9201526
700 1 _aAdorno de Araújo, Elizabeth
_9209203
773 0 _tEducaçao e Filosofia
_gvol. 23, nº. 45, 2009, págs. 185-200
_wRev1534
942 _cAR
999 _c601510
_d601510